Vật liệu phi kim loại

Đã lưu trong:
书目详细资料
主要作者:  Hoàng Trọng Bá
格式: Sách
语言:Undetermined
出版:  Khoa học và Kỹ thuật  2007
主题:
标签: 添加标签
没有标签, 成为第一个标记此记录!
Thư viện lưu trữ: Trung tâm Thư viện - Trường Đại học Công nghiệp TP. Hồ Chí Minh
LEADER 00498nam a2200157Ia 4500
001 UIH_04729
008 231011s9999 xx 000 0 und d
082 |a  620.19 
100 |a  Hoàng Trọng Bá 
245 0 |a  Vật liệu phi kim loại 
245 0 |c  Hoàng Trọng Bá 
260 |b  Khoa học và Kỹ thuật 
260 |c  2007 
650 |a  Vật liệu;  
927 |a Sách 
980 |a Trung tâm Thư viện - Trường Đại học Công nghiệp TP. Hồ Chí Minh